| 000 | 00866nam a22002417a 4500 | ||
|---|---|---|---|
| 999 |
_c14923 _d14923 |
||
| 003 | MIRAKIL | ||
| 005 | 20220523131545.0 | ||
| 008 | 220523b tu ||||| |||| 00| 0 tur d | ||
| 020 | _a9789750522659 | ||
| 040 |
_aTR-AnCHP _cTR-AnCHP |
||
| 041 | _atur | ||
| 082 |
_a330.9561 _bG31 2017 |
||
| 245 | 1 | 0 |
_aGeçmişten geleceğe Türkiye ekonomisi : _bFikret Şenses'e armağan / _cderleyenler Murat Koyuncu, Hakan Mıhcı, Erinç Yeldan |
| 260 |
_aİstanbul : _bİletişim Yayınları, _c2017. |
||
| 300 |
_a398 s.: _bgrf.; _c19 sm. |
||
| 490 | 0 |
_aİletişim Yayınları ; _aAraştırma-inceleme dizisi ; _v2530. _v418. |
|
| 504 | _aKaynakça bölüm sonlarındadır. | ||
| 650 | 0 |
_9396 _aEkonomi _xTarih _zTürkiye |
|
| 700 |
_97099 _aKoyuncu, Murat _eder. |
||
| 700 |
_97100 _aMıhcı, Hakan _eder. |
||
| 700 | 1 |
_91856 _aYeldan, Erinç _eder. |
|
| 942 |
_2ddc _cBKS |
||